1204 1791 1157 1807 1509 1164 1047 1876 1714 1183 1883 1774 1482 1639 1474 1378 1526 1907 1019 1682 1994 1075 1111 1489 1383 1770 1972 1473 1682 1024 1358 1834 1571 1567 1454 1118 1094 1488 1145 1032 1648 1795 1346 1074 1380 1183 1500 1622 1758 1661 1437 1659 1974 1738 1123 1649 1572 1391 1712 1947 1563 1830 1145 1134 1641 1114 1575 1610 1920 1668 1118 1814 1760 1609 1670 1564 1685 1297 1846 1734 1226 1564 1622 1348 1522 1585 1332 1331 1604 1565 1495 1507 1522 1009 1234 1853 1592 1261 1591 BCNSPRNW ULIB Ver.6.0+V

เปลี่ยนเป็นภาษาไทย

Change to English
 แสดงรายละเอียดบรรณานุกรม
  กลับหน้าหลัก

Brief Record : Get Marc (ISO 2709) : E-mail record : QR code < ปิดหน้าต่าง
LEADER : 00000nam 2200000uu 4500
001    13399114512
003     ULIB
008    120411s2549||||th 000 0 tha d
020    ^a9749382137
090    ^aนว.^bP967ป 2549
100 0  ^apoison ivy
245 00 ^aโปรแกรมรัก /^cpoison ivy
250    ^aพิมพ์ครั้งที่ 1
260    ^aกรุงเทพฯ :^bปริ้นเซส,^c2549
300    ^a216 หน้า
710 1  ^aปริ้นเซส
945    ^p140^l0^i24875
995    ^aกัณชพร
999    ^aใช้งานได้ทุกระบบ
รายการนี้ยังไม่มีแท็ก
คุณยังไม่ได้ล็อกอิน คุณสามารถมีกิจกรรมร่วมกับเว็บไซต์ได้ แต่ต้องล็อกอินก่อน ::
  ล็อกอิน

รายการสื่อสารสนเทศ

ลำดับที่ ประเภท เลขเรียก/บาร์โค้ด สถานที่ สถานะ
1. นวนิยาย
นวนิยาย
นว. P967ป 2549  
  Barcode: 24875
ห้องสมุดวิทยาเขตสวรรค์ประชารักษ์
►นวนิยาย
บนชั้น
  ขอยืม

BibComment


ยังไม่เคยถูกคอมเมนท์

คอมเมนท์ทรัพยากรรายการนี้
  คอมเมนท์: โปรแกรมรัก pois..


 Copyright 2026. Bcnsprnw @Library